00674nam a2200217Ia 450000500170000000800410001702000140005804000190007204100120009108200160010310000170011924500340013626000410017030000230021144000380023450400500027263000310032265000380035365100550039185000100044620230626111003.0131103s9999 xx 000 0 und d a415191491 aLoreto College aEnglish a942.05bMOR aMorris, T.A. aTudor GovernmentcT.A. Morris aLondon and New YorkbRoutledgec1999 aviii,162p, 21.5cm. aQuestions and Analysis in History aIncludes bibliographical references and index aTudor - History,1485-1603  aGreat Britain - History,1485-1603 aGreat Britain - Politics and Government, 1485-1603 aLCLIB